KALR's local government practice legislation of Uganda : (Record no. 731)
[ view plain ]
| 000 -LEADER | |
|---|---|
| fixed length control field | 01740cam a2200349 a 4500 |
| 001 - CONTROL NUMBER | |
| control field | 13409707 |
| 003 - CONTROL NUMBER IDENTIFIER | |
| control field | OSt |
| 005 - DATE AND TIME OF LATEST TRANSACTION | |
| control field | 20131104183453.0 |
| 008 - FIXED-LENGTH DATA ELEMENTS--GENERAL INFORMATION | |
| fixed length control field | 030915s2003 ug l 000 0 eng |
| 010 ## - LIBRARY OF CONGRESS CONTROL NUMBER | |
| LC control number | 2003406410 |
| 035 ## - SYSTEM CONTROL NUMBER | |
| System control number | (DLC) 2003406410 |
| 040 ## - CATALOGING SOURCE | |
| Original cataloging agency | DLC |
| Transcribing agency | DLC |
| Modifying agency | DLC |
| 042 ## - AUTHENTICATION CODE | |
| Authentication code | lcode |
| 043 ## - GEOGRAPHIC AREA CODE | |
| Geographic area code | f-ug--- |
| 050 00 - LIBRARY OF CONGRESS CALL NUMBER | |
| Classification number | KTW230 |
| Item number | .A28 2003 |
| 082 ## - DEWEY DECIMAL CLASSIFICATION NUMBER | |
| Edition number | 21 ed. |
| Classification number | 346 |
| Item number | KAL |
| 110 1# - MAIN ENTRY--CORPORATE NAME | |
| Corporate name or jurisdiction name as entry element | Uganda. |
| 9 (RLIN) | 554 |
| 245 10 - TITLE STATEMENT | |
| Title | KALR's local government practice legislation of Uganda : |
| Remainder of title | legislation as at 31st May 2003 / |
| Statement of responsibility, etc | edited by Ladislaus Kiiza Rwakafuuzi. |
| 246 3# - VARYING FORM OF TITLE | |
| Title proper/short title | Local government practice legislation of Uganda |
| 260 ## - PUBLICATION, DISTRIBUTION, ETC. (IMPRINT) | |
| Place of publication, distribution, etc | Kampala : |
| Name of publisher, distributor, etc | KALR, |
| Date of publication, distribution, etc | [2003] |
| 300 ## - PHYSICAL DESCRIPTION | |
| Extent | 1 v. (various pagings) ; |
| Dimensions | 27 cm. |
| 500 ## - GENERAL NOTE | |
| General note | Caption title. |
| 505 0# - FORMATTED CONTENTS NOTE | |
| Formatted contents note | The Local Government Act, 1997 -- The Building Rules -- The Building Rules (Building) Exemption -- The Local Government Financial & Accounting Regulations, 1998 -- Government Standing Orders : Urban Authorities -- The Urban Authorities Rules -- The Drainage & Sanitation Rules -- The Public Health Act -- The Public Health (School Buildings) Rules -- Government Standing Orders : District Administrations -- The Education Act, 1970 -- The Local Government (Rating) Decree, 1979 -- The Trade (Licensing) Act, 1969 -- The Market Act -- The Resistance Committees (Judicial Powers) Statute, 1988. |
| 650 #0 - SUBJECT ADDED ENTRY--TOPICAL TERM | |
| Topical term or geographic name as entry element | Local government |
| General subdivision | Law and legislation |
| Geographic subdivision | Uganda. |
| 9 (RLIN) | 2001 |
| 650 #0 - SUBJECT ADDED ENTRY--TOPICAL TERM | |
| Topical term or geographic name as entry element | Trade regulation |
| Geographic subdivision | Uganda. |
| 9 (RLIN) | 2002 |
| 650 #0 - SUBJECT ADDED ENTRY--TOPICAL TERM | |
| Topical term or geographic name as entry element | Educational law and legislation |
| Geographic subdivision | Uganda. |
| 9 (RLIN) | 2003 |
| 700 1# - ADDED ENTRY--PERSONAL NAME | |
| Personal name | Rwakafuuzi, Ladislaus Kiiza. |
| 9 (RLIN) | 1996 |
| 710 2# - ADDED ENTRY--CORPORATE NAME | |
| Corporate name or jurisdiction name as entry element | Kampala Law Reports (Firm) |
| 9 (RLIN) | 1997 |
| 906 ## - LOCAL DATA ELEMENT F, LDF (RLIN) | |
| a | 7 |
| b | cbc |
| c | origode |
| d | 2 |
| e | ncip |
| f | 20 |
| g | y-gencatlg |
| 942 ## - ADDED ENTRY ELEMENTS (KOHA) | |
| Source of classification or shelving scheme | Dewey Decimal Classification |
| Koha item type | Books |
| Withdrawn status | Lost status | Source of classification or shelving scheme | Damaged status | Not for loan | Home library | Current library | Shelving location | Date acquired | Total Checkouts | Full call number | Barcode | Date last seen | Price effective from | Koha item type |
|---|---|---|---|---|---|---|---|---|---|---|---|---|---|---|
| Dewey Decimal Classification | Law Development Centre Main Library | Law Development Centre Main Library | Text Books and Laws | 04/27/2011 | 346 KAL | 6903 | 04/27/2011 | 04/27/2011 | Books | |||||
| Dewey Decimal Classification | Law Development Centre Main Library | Law Development Centre Main Library | Text Books and Laws | 04/27/2011 | 346 KAL | 2011/2492 | 04/27/2011 | 04/27/2011 | Books | |||||
| Dewey Decimal Classification | Law Development Centre Main Library | Law Development Centre Main Library | Staff Office | 04/28/2011 | 346 KAL | 2011/2493 | 04/28/2011 | 04/28/2011 | Books |
